[Event "St Veit op-B 34th"]
[Site "St Veit"]
[Date "2015.07.13"]
[Round "4.2"]
[White "Gruber, Dietmar"]
[Black "Amtmann, Franz"]
[Result "1-0"]
[WhiteElo "2021"]
[BlackElo "1792"]
[PlyCount "43"]
[EventDate "2015.07.11"]
[EventType "swiss"]
[EventRounds "9"]
[EventCountry "AUT"]
[SourceTitle "EXT 2024"]
[Source "ChessBase"]
[SourceDate "2023.10.10"]
[SourceVersion "1"]
[SourceVersionDate "2023.10.10"]
[SourceQuality "1"]

1. Nc3 e5 2. Nf3 Nc6 3. d4 exd4 4. Nxd4 Nf6 5. Bg5 Be7 6. Nf5 Nh5 7. Nxe7 Nxe7 8. e4 Nf6 9. Qf3 d6 10. Bxf6 gxf6 11. Qxf6 Ng6 12. Qd4 Be6 13. 0-0-0 a6 14. f4 Bg4 15. Rd2 h5 16. f5 Ne5 17. h3 Qh4 18. Qf2 Qg5 19. hxg4 Nxg4 20. Qd4 Rh6 21. Rh3 Kf8 22. Be2 1-0

[Event "St Veit op"]
[Site "St Veit"]
[Date "2008.07.13"]
[Round "9"]
[White "Eichhorn, Alfred"]
[Black "Gruber, Dietmar"]
[Result "1-0"]
[WhiteElo "2107"]
[BlackElo "2040"]
[PlyCount "33"]
[EventDate "2008.07.05"]
[EventType "swiss"]
[EventRounds "9"]
[EventCountry "AUT"]
[SourceTitle "CBM 125 Extra"]
[Source "ChessBase"]
[SourceDate "2008.09.01"]
[SourceVersion "1"]
[SourceVersionDate "2008.09.01"]
[SourceQuality "1"]

1. e4 e6 2. d4 d5 3. Nc3 Nf6 4. e5 Nfd7 5. f4 c5 6. Nce2 f6 7. c3 Nc6 8. Nf3 fxe5 9. fxe5 cxd4 10. Nexd4 Ndxe5 11. Nxe5 Nxe5 12. Qh5+ Nf7 13. Bb5+ Bd7 14. Nxe6 Qe7 15. Qxd5 Qd6 16. Bxd7+ Qxd7 17. Qe4 1-0

[Event "St Veit op"]
[Site "St Veit"]
[Date "2008.07.11"]
[Round "7"]
[White "Regatschnig, Horst"]
[Black "Gruber, Dietmar"]
[Result "0-1"]
[WhiteElo "1890"]
[BlackElo "2040"]
[PlyCount "96"]
[EventDate "2008.07.05"]
[EventType "swiss"]
[EventRounds "9"]
[EventCountry "AUT"]
[SourceTitle "CBM 125 Extra"]
[Source "ChessBase"]
[SourceDate "2008.09.01"]
[SourceVersion "1"]
[SourceVersionDate "2008.09.01"]
[SourceQuality "1"]

1. d4 Nf6 2. Nf3 g6 3. e3 Bg7 4. Bd3 d6 5. b3 0-0 6. Bb2 c6 7. Nbd2 a5 8. a4 Na6 9. c3 Re8 10. 0-0 e5 11. e4 Bg4 12. Qc2 Nh5 13. g3 exd4 14. Nxd4 Nc5 15. Rfe1 Nxd3 16. Qxd3 d5 17. exd5 Qxd5 18. Qc4 Qd7 19. Ne4 Re7 20. Ba3 Ree8 21. Nd6 Rxe1+ 22. Rxe1 Bf8 23. f3 Bh3 24. g4 Nf6 25. Nxf7 Qxf7 26. Qxf7+ Kxf7 27. Bxf8 Kxf8 28. Kf2 h5 29. g5 Nd5 30. c4 Nc7 31. Kg3 Bd7 32. Rd1 Ke7 33. h4 Ne6 34. Re1 Kd6 35. Rd1 Nxd4 36. Rxd4+ Kc7 37. c5 Re8 38. b4 axb4 39. Rxb4 Bf5 40. Kf4 Re1 41. Rc4 Re2 42. Rc3 Ra2 43. Rc4 Rc2 44. Rxc2 Bxc2 45. a5 Kb8 46. Ke5 Ka7 47. Kd6 Ka6 48. Kc7 Kxa5 0-1

[Event "St Veit op"]
[Site "St Veit"]
[Date "2008.07.05"]
[Round "1"]
[White "Kersic, Matej"]
[Black "Gruber, Dietmar"]
[Result "1-0"]
[WhiteElo "2159"]
[BlackElo "2040"]
[PlyCount "69"]
[EventDate "2008.07.05"]
[EventType "swiss"]
[EventRounds "9"]
[EventCountry "AUT"]
[SourceTitle "CBM 125 Extra"]
[Source "ChessBase"]
[SourceDate "2008.09.01"]
[SourceVersion "1"]
[SourceVersionDate "2008.09.01"]
[SourceQuality "1"]

1. e4 e6 2. d4 d5 3. Nd2 Nf6 4. e5 Nfd7 5. Bd3 c5 6. c3 Nc6 7. Ne2 Qb6 8. Nf3 f6 9. exf6 Nxf6 10. 0-0 Bd6 11. Re1 0-0 12. Nf4 Qc7 13. Nxe6 Bxe6 14. Rxe6 Ng4 15. Rxd6 Qxd6 16. h3 Nf6 17. dxc5 Qxc5 18. Be3 Qd6 19. Bc2 Rae8 20. Qd3 Ne5 21. Nxe5 Qxe5 22. Bxa7 b6 23. Bxb6 Qe2 24. Bd4 Qh5 25. Be3 Re6 26. Bd1 Qe5 27. Bb3 Kh8 28. Rd1 Rd8 29. c4 d4 30. Bxd4 Qe2 31. c5 Qxd3 32. Rxd3 Re4 33. c6 Rexd4 34. Rxd4 Rxd4 35. c7 1-0

[Event "Jacques Lemans op 23rd"]
[Site "St Veit"]
[Date "2004.07.12"]
[Round "3"]
[White "Gruber, Dietmar"]
[Black "Diermair, Andreas"]
[Result "1/2-1/2"]
[WhiteElo "2100"]
[BlackElo "2236"]
[PlyCount "80"]
[EventDate "2004.07.10"]
[EventType "swiss"]
[EventRounds "9"]
[EventCountry "AUT"]
[SourceTitle "CBM 101 Extra"]
[Source "ChessBase"]
[SourceDate "2004.09.01"]
[SourceVersion "2"]
[SourceVersionDate "2004.09.01"]
[SourceQuality "1"]

1. Nc3 d5 2. e4 d4 3. Nce2 e5 4. Ng3 Be6 5. Nf3 f6 6. Be2 Ne7 7. d3 g6 8. 0-0 Bg7 9. h3 0-0 10. Nh2 c5 11. f4 exf4 12. Bxf4 Nbc6 13. Bg4 Bf7 14. h4 h5 15. Bh3 c4 16. Nf3 Qb6 17. b3 cxd3 18. cxd3 a5 19. Ne2 Rad8 20. Qd2 Nb4 21. Rac1 Nec6 22. a3 Na6 23. b4 axb4 24. axb4 Qxb4 25. Qxb4 Naxb4 26. Rfd1 Rfe8 27. Bc7 Ra8 28. Rb1 f5 29. Nexd4 fxe4 30. Nxc6 bxc6 31. dxe4 Rxe4 32. Ng5 Rd4 33. Nxf7 Kxf7 34. Rf1+ Kg8 35. Be6+ Kh8 36. Rf7 Rxh4 37. Rd1 Nd5 38. Bxd5 cxd5 39. Rxd5 Ra1+ 40. Kf2 Ra2+ 1/2-1/2

[Event "Finkenstein op"]
[Site "Finkenstein"]
[Date "1994.??.??"]
[Round "?"]
[White "Rietveld, Leo"]
[Black "Gruber, Dietmar"]
[Result "1-0"]
[WhiteElo "1770"]
[BlackElo "1980"]
[PlyCount "45"]
[EventDate "1994.??.??"]
[EventType "swiss"]
[EventRounds "9"]
[EventCountry "AUT"]
[SourceTitle "EXT 1997"]
[Source "ChessBase"]
[SourceDate "1996.11.15"]
[SourceVersion "1"]
[SourceVersionDate "1996.11.15"]
[SourceQuality "1"]

1. d4 Nf6 2. Nc3 g6 3. e4 d6 4. f4 Bg7 5. Nf3 0-0 6. e5 Nfd7 7. e6 fxe6 8. h4 Nf6 9. Ng5 Nh5 10. Qf3 Bxd4 11. g4 Nf6 12. h5 Bxc3+ 13. Qxc3 h6 14. hxg6 Nxg4 15. Qh3 e5 16. Be2 Rxf4 17. Bxf4 Qf8 18. Bxg4 Bxg4 19. Qxg4 exf4 20. Qe6+ Kg7 21. 0-0-0 Nc6 22. Rxh6 Kxh6 23. Nf7+ 1-0